Fr. Conceicao Rodrigues College of Engineering

8086 Microprocessors (Record no. 32419)

MARC details
000 -LEADER
fixed length control field 00316nam a2200145Ia 4500
082 ## - DEWEY DECIMAL CLASSIFICATION NUMBER
Classification number 004.16/DAL
Item number DAL
100 ## - MAIN ENTRY--PERSONAL NAME
Personal name Dalal/Hemal
245 ## - TITLE STATEMENT
Title 8086 Microprocessors
260 ## - PUBLICATION, DISTRIBUTION, ETC.
Name of publisher, distributor, etc. Nandu Book House
Place of publication, distribution, etc. Mumbai
Date of publication, distribution, etc. 2007
300 ## - PHYSICAL DESCRIPTION
Extent 356
546 ## - LANGUAGE NOTE
Language note ENGLISH
650 ## - SUBJECT ADDED ENTRY--TOPICAL TERM
Topical term or geographic name entry element Microprocessors
654 ## - SUBJECT ADDED ENTRY--FACETED TOPICAL TERMS
Focus term 8086
942 ## - ADDED ENTRY ELEMENTS (KOHA)
Koha item type BOOK
Holdings
Withdrawn status Lost status Damaged status Not for loan Collection Home library Current library Date acquired Total Checkouts Full call number Barcode Date last seen Price effective from Koha item type
        CRC Fr. Agnel's C.Rodrigues College of Engineering Fr. Agnel's C.Rodrigues College of Engineering 17/03/2023   004.16/DAL DAL 17903 17/03/2023 17/03/2023 BOOK